000 00930nas a2200289 4500
001 BR2014002704
003 BR-BrBNA
005 20231205124000.0
007 ta
008 230509b bl.|||p| |||| 00| 00por d
040 _aBR-BrBNA
_bpor
_cBiblioteca Nacional de Agricultura
041 _a(Pt)
072 _aK50
100 1 _aTrianoski, R.
100 1 _aIwakiri, S.
100 1 _aMatos, J.L.M. de
100 1 _aPrata, J.G.
245 1 _aProriedades físicas e mecânicas de painéis de madeira aglomerada de Acrocarpus fraxinifolius, compostos com diferentes percentuais de casca
650 _aÁRVORE FLORESTAL
650 _aPAINEL DE MADEIRA
650 _aANÁLISE FÍSICA
650 _aPROPRIEDADE MECÂNICA
650 _aCASCA
773 0 _tCiência Florestal (Brazil)
_xISSN 0103-9954
_g(Oct-Dec 2013), v. 23(4) p. 761-769
_wBR2014002704
909 _a202311
_bLúcia
_c55
_dLúcia Elande
942 _2AGRIS
_n0
_cANA
999 _c236745
_d236745